Biofarma na neúrodnej pôde

Bibliographic Details
Main Author: Halama, Patrik (Author)
Format: Article
Language:Slovak
Subjects:

MARC

LEADER 00000nab a2200000 ar4500
001 vtls010079312
003 SK-MaSNL
005 20260303214857.0
008 100324c20100219xo |||||||||||000 b|slo
015 |a SNBRB2010/03  |2 snkbucl 
038 |a SNKBUCL 
040 |a SNKBUCL  |b slo  |c SNKBUCL  |e AACR2 
041 0 |a slo 
044 |a xo  |c SK 
080 |a 631.147  |x (430)  |2 1997 
100 1 |a Halama, Patrik  |4 aut  |9 1039364 
245 1 0 |a Biofarma na neúrodnej pôde  |c Patrik Halama 
650 0 7 |a farmy  |2 snkbucl  |9 18218 
650 0 7 |a ekologické poľnohospodárstvo  |2 snkbucl  |9 3913 
651 7 |a Brodowin (Nemecko)  |2 snkbucl  |9 1250400 
655 7 |a reportáže  |2 snkbucl  |9 28856 
773 0 |t Sme. Roľnícke noviny  |g Č. 41 (19.2.2010)  |x 1335-440X 
773 0 8 |i Príl.:  |t Roľnícke noviny  |g Č. 8 (19.2.2010), s. 13-14 
852 |a SNK  |b KIS3GCP 
958 |a DE 
999 |c 2219085  |d 2221015